[Event "Asian Continental op 09th"]
[Site "Olongapo City"]
[Date "2010.04.25"]
[Round "5"]
[White "Lumancas, Lyndon"]
[Black "Lu, Yijie"]
[Result "1-0"]
[WhiteElo "2289"]
[BlackElo "2349"]
[PlyCount "51"]
[EventDate "2010.04.21"]
[EventType "swiss"]
[EventRounds "9"]
[EventCountry "PHI"]
[SourceTitle "CBM 136 Extra"]
[Source "ChessBase"]
[SourceDate "2010.07.02"]
[SourceVersion "2"]
[SourceVersionDate "2010.07.15"]
[SourceQuality "1"]

1. e4 c5 2. Nf3 d6 3. Bb5+ Bd7 4. Bxd7+ Qxd7 5. c4 Nf6 6. Nc3 g6 7. 0-0 Bg7 8. d4 cxd4 9. Nxd4 0-0 10. h3 Rc8 11. b3 d5 12. exd5 Nxd5 13. Nxd5 e6 14. Be3 exd5 15. cxd5 Rc5 16. Nf5 Rb5 17. Nxg7 Rxd5 18. Qf3 Kxg7 19. Rad1 Rxd1 20. Rxd1 Qe7 21. Bd4+ f6 22. Bxf6+ Qxf6 23. Qxb7+ Kh6 24. Qxa8 Nc6 25. Qe8 Ne5 26. Re1 1-0

[Event "Asian Continental op 09th"]
[Site "Olongapo City"]
[Date "2010.04.22"]
[Round "2"]
[White "Lumancas, Lyndon"]
[Black "Senador, Emmanuel"]
[Result "0-1"]
[WhiteElo "2289"]
[BlackElo "2401"]
[PlyCount "58"]
[EventDate "2010.04.21"]
[EventType "swiss"]
[EventRounds "9"]
[EventCountry "PHI"]
[SourceTitle "CBM 136 Extra"]
[Source "ChessBase"]
[SourceDate "2010.07.02"]
[SourceVersion "2"]
[SourceVersionDate "2010.07.15"]
[SourceQuality "1"]

1. e4 e5 2. Nf3 Nc6 3. d4 exd4 4. Bc4 Nf6 5. e5 d5 6. Bb5 Ne4 7. Nxd4 Bd7 8. Bxc6 bxc6 9. 0-0 Bc5 10. f3 Ng5 11. f4 Ne6 12. c3 f5 13. Kh1 0-0 14. Be3 Bxd4 15. cxd4 c5 16. Na3 cxd4 17. Bxd4 c5 18. Be3 d4 19. Bd2 Bc6 20. Rf2 Qh4 21. Kg1 Rab8 22. Qc1 Bd5 23. Nc4 Kh8 24. b3 g5 25. fxg5 f4 26. Nd6 Qxg5 27. Qe1 Qg6 28. Kh1 Rg8 29. Qf1 Rg7 0-1

[Event "Asian Continental op 09th"]
[Site "Olongapo City"]
[Date "2010.04.21"]
[Round "1"]
[White "Bitoon, Richard"]
[Black "Lumancas, Lyndon"]
[Result "1-0"]
[WhiteElo "2476"]
[BlackElo "2289"]
[PlyCount "69"]
[EventDate "2010.04.21"]
[EventType "swiss"]
[EventRounds "9"]
[EventCountry "PHI"]
[SourceTitle "CBM 136 Extra"]
[Source "ChessBase"]
[SourceDate "2010.07.02"]
[SourceVersion "2"]
[SourceVersionDate "2010.07.15"]
[SourceQuality "1"]

1. b3 e5 2. Bb2 Nc6 3. e3 a6 4. c4 g6 5. Nf3 Bg7 6. d4 exd4 7. Nxd4 Nxd4 8. Bxd4 Nf6 9. Be2 d5 10. cxd5 Qxd5 11. Bf3 Qd6 12. Nd2 0-0 13. Rc1 Re8 14. 0-0 Qd8 15. Qe2 c6 16. Rfd1 Be6 17. Ne4 Qe7 18. Qb2 Nxe4 19. Bxg7 f6 20. Bh6 Nd6 21. Rxd6 Qxd6 22. Qxf6 Qe7 23. Qf4 Qf7 24. Qd4 Rad8 25. Qb4 Rd7 26. Bg5 Qg7 27. Rb1 Bf5 28. Re1 h6 29. Bf4 g5 30. Bg3 Bg6 31. h4 Qf6 32. h5 Bf5 33. e4 Qd4 34. Qa5 Qd2 35. Qxf5 1-0